| 000 | 01323cam a2200253 4500 | ||
|---|---|---|---|
| 001 | ABS63716 | ||
| 008 | 000000n2001 000 0 eng u | ||
| 035 | _a(Sirsi) u111905 | ||
| 100 | _aOsborne, H. | ||
| 245 | _aHow to suspend hackers' hostilities | ||
| 260 | _c2001 | ||
| 490 |
_aEstates Gazette _v(0113) 31 March 2001, 136-137(2) |
||
| 520 | _aTakes a look at, and offers advice on, various IT security hazards faced by companies. For instance, notes the worrying costs in terms of labour and productivity of personal use of the internet and e-mail by employees. Suggests that naming and shaming abusers may not be the best response. Recommends, instead, that businesses allow staff to utilise these services at specific times (e.g. lunchtime or after work). Notes that the cost to companies of computer hackers is far greater. Hacking might involve infiltration of company data or domain name fraud. Recommends companies avoid putting data that might be useful to someone outside the company in an easily distributable format (e.g. disk or e-mail). | ||
| 590 | _aABS | ||
| 650 | _aE-MAIL | ||
| 650 | _aINTERNET | ||
| 650 | _aCOSTS | ||
| 650 | _aHACKING | ||
| 650 | _aDOMAIN NAME | ||
| 650 | _aEMPLOYEES | ||
| 650 | _aSECURITY SYSTEMS | ||
| 690 | _aINFORMATION TECHNOLOGY-INTERNET | ||
| 942 | _n0 | ||
| 999 |
_c66691 _d66691 |
||